Unregelmassif verben FRA-ALL - Statistiques

Statistiques générales
  • Ce quiz a été pris 3 fois
  • Le résultat moyen est 14 sur 83
Statistiques - réponses
Hint Réponse % Correct
aider helfen
100%
sembler, briller scheinen
100%
brûler brennen
50%
penser denken
50%
manger essen
50%
aller en véhicule, conduire fahren
50%
tomber fallen
50%
trouver finden
50%
donner geben
50%
gagner gewinnen
50%
lire lesen
50%
être allongé liegen
50%
prendre nehmen
50%
conseiller, deviner raten
50%
dormir schlafen
50%
battre, frapper schlagen
50%
écrire schreiben
50%
nager schwimmen
50%
voir sehen
50%
chanter singen
50%
parler sprechen
50%
être debout stehen
50%
mourir sterben
50%
rencontrer treffen
50%
boire trinken
50%
laver waschen
50%
commencer beginnen
0%
prouver beweisen
0%
faire une offre bieten
0%
prier de bitten
0%
rester bleiben
0%
rompre brechen
0%
recommander empfehlen
0%
décider entscheiden
0%
s’effrayer, avoir peur erschrecken
0%
attraper fangen
0%
voler fliegen
0%
fuir fliehen
0%
couler fliessen
0%
avoir froid frieren
0%
être valable gelten
0%
apprécier geniessen
0%
se passer geschehen
0%
tenir halten
0%
réussir hat geschafft
0%
transmettre hat gesendet
0%
geler ist gefroren
0%
connaître kennen
0%
sonner klingen
0%
charger laden
0%
laisser lassen
0%
prêter leihen
0%
éviter meiden
0%
nommer nennen
0%
aller à cheval, aller en cheval reiten
0%
courir rennen
0%
sentir riechen
0%
créer schaffen
0%
pousser schieben
0%
fermer schliessen
0%
couper schneiden
0%
crier schreien
0%
se taire schweigen
0%
envoyer senden
0%
être assis sitzen
0%
sauter springen
0%
piquer stechen
0%
voler, dérober stehlen
0%
peindre streichen
0%
se quereller, se disputer streiten
0%
porter tragen
0%
pousser, faire (sport) treiben
0%
donner un coup de pied à, s’avancer, entrer treten
0%
différencier unterscheiden
0%
oublier vergessen
0%
perdre verlieren
0%
disparaître verschwinden
0%
pardonner verzeihen
0%
grandir, croître wachsen
0%
se tourner wenden
0%
jeter, lancer werfen
0%
tirer ziehen
0%
forcer, obliger zwingen
0%
Aucun quiz correspondant
Distribution des résultats
% des personnes avec chaque résultat
Percentile par nombre de réponses
Votre historique - résultats
Vous n’avez pas pris ce quiz